| 000 | 00982nam a22003011 4500 | ||
|---|---|---|---|
| 999 |
_c200459635 _d77847 |
||
| 001 | 200459635 | ||
| 003 | TR-AnTOB | ||
| 005 | 20240130174026.0 | ||
| 008 | 011026s2021 tu a 00011 tu | ||
| 020 | _a9786057028273 | ||
| 040 |
_aTR-AnTOB _beng _erda _cTR-AnTOB |
||
| 041 | 1 |
_atur _heng |
|
| 050 | 0 | 4 |
_aPQ2623.E24 _bE5419 2021 |
| 090 |
_aPQ2623.E24 _bE5419 2021 |
||
| 100 | 1 |
_aLeblanc, Maurice, _d1864-1941 _971249 _eauthor |
|
| 245 | 1 | 0 |
_aArsen Lüpen : _b813 / _cMaurice Leblanc ; çeviren Alp Aydın. |
| 250 | _a3. baskı Haziran 2021 | ||
| 264 | 1 |
_aİstanbul : _bDokuz Yayınları, _c2021. |
|
| 300 |
_a398 pages : _billustrations ; _c23 cm |
||
| 336 |
_2rdacontent _atext _btxt |
||
| 337 |
_2rdamedia _aunmediated _bn |
||
| 338 |
_2rdacarrier _avolume _bnc |
||
| 600 | 1 | 0 |
_aLupin, Arsène _c(Fictitious character) _9144797 |
| 650 | 7 |
_aPolisiye öyküler _2etuturkob _984828 |
|
| 700 | 1 |
_9144798 _aAydın, Alp _etranslator |
|
| 942 |
_2lcc _cBK |
||